Companies by Country #3 - Statistics

General Stats
  • This quiz has been taken 55 times
  • The average score is 12 of 20
Answer Stats
Company Industry Country % Correct
Ferrari Automotives Italy
100%
Tesla Automotives United States of America
98%
Kia Automotives South Korea
93%
Panasonic Electronics Japan
84%
Airbus Aircraft France
82%
Lindt Chocolates Switzerland
77%
Gazprom Petroleum Russia
73%
Bayer Pharmaceuticals Germany
70%
H&M Apparel Sweden
66%
Chopin Vodka Poland
64%
Novo Nordisk Pharmaceuticals Denmark
52%
Commonwealth Bank Financial Australia
50%
IMAX Corporation Motion picture production Canada
48%
TSMC Semiconductors Taiwan
43%
Unilever Packaged goods United Kingdom
43%
Sinopec Petroleum China
39%
Desnoes & Geddes Beer (hint: Red Stripe) Jamaica
30%
Equinor Petroleum Norway
23%
International Holding Company Financial United Arab Emirates
14%
Wix Web development Israel
11%
No matching quizzes found
Score Distribution
Percent of People with Each Score
Percentile by Number Answered
Your Score History
You have not taken this quiz